Experiments in engineering physics : (Record no. 17879)

MARC details
000 -LEADER
fixed length control field 01324nam a22002897i 4500
003 - CONTROL NUMBER IDENTIFIER
control field EG-ScBUE
005 - DATE AND TIME OF LATEST TRANSACTION
control field 20250317093453.0
008 - FIXED-LENGTH DATA ELEMENTS--GENERAL INFORMATION
fixed length control field 131219s2003 ii a f 000 0 eng d
020 ## - INTERNATIONAL STANDARD BOOK NUMBER
International Standard Book Number 8121912237
020 ## - INTERNATIONAL STANDARD BOOK NUMBER
International Standard Book Number 9788121912235
040 ## - CATALOGING SOURCE
Original cataloging agency EG-ScBUE
Language of cataloging eng
Description conventions rda
Transcribing agency EG-ScBUE
Modifying agency EG-ScBUE
082 04 - DEWEY DECIMAL CLASSIFICATION NUMBER
Edition number 22
Classification number 530.076
Item number AVA
100 1# - MAIN ENTRY--PERSONAL NAME
9 (RLIN) 34704
Personal name Avadhanulu, M. N.,
Relator term author.
245 10 - TITLE STATEMENT
Title Experiments in engineering physics :
Remainder of title a laboratory manual and workbook with viva voce /
Statement of responsibility, etc M. N. Avadhanulu, M.Sc., Ph.D., head of the Applied Physics Deptt, Kavikulguru Institute of Technology and Science Ramtek, A. A. Dani, M.Sc., Ph.D., Deppt. of Applied Physics, Priyadarshini College of Engg. and Architecture Hingna, Nagpur, P. M. Pokley, M.Sc., Deptt. of Applied Physics, Kavikulguru Institute of Technology and Science Ramtek.
250 ## - EDITION STATEMENT
Edition statement Third revised edition.
264 #1 - PUBLICATION, DISTRIBUTION, ETC. (IMPRINT)
Place of publication, distribution, etc Ram Nagar, New Delhi :
Name of publisher, distributor, etc S. Chand & Company LTD.,
Date of publication, distribution, etc 2003.
300 ## - PHYSICAL DESCRIPTION
Extent xviii, 244 pages :
Other physical details illustrations, tables ;
Dimensions 24 cm
336 ## - CONTENT TYPE
Source rdacontent
Content type term text
Content type code txt
337 ## - MEDIA TYPE
Media type term unmediated
Source rdamedia
Media type code n
338 ## - CARRIER TYPE
Carrier type term volume
Carrier type code nc
Source rdacarrier
650 #7 - SUBJECT ADDED ENTRY--TOPICAL TERM
9 (RLIN) 4188
Topical term or geographic name as entry element Physics
General subdivision Experiments.
Source of heading or term BUEsh
653 ## - INDEX TERM--UNCONTROLLED
Arrived date list December2013
655 ## - INDEX TERM--GENRE/FORM
Form subdivision Reading book
700 1# - ADDED ENTRY--PERSONAL NAME
9 (RLIN) 34705
Personal name Dani, A. A.,
Relator term author.
700 1# - ADDED ENTRY--PERSONAL NAME
9 (RLIN) 34706
Personal name Pokley, P. M.,
Relator term author.
942 ## - ADDED ENTRY ELEMENTS (KOHA)
Source of classification or shelving scheme Dewey Decimal Classification
Koha item type Book - Borrowing
Holdings
Withdrawn status Lost status Source of classification or shelving scheme Damaged status Not for loan Collection code Home library Current library Shelving location Date acquired Source of acquisition Total Checkouts Full call number Barcode Date last seen Price effective from Koha item type
    Dewey Decimal Classification     Donation-Gift Central Library Central Library First floor 19/12/2013 Donation   530.076 AVA 000035247 15/07/2025 19/12/2013 Book - Borrowing